| 000 | 00609nam a22001817a 4500 | ||
|---|---|---|---|
| 003 | AM-YeHGA | ||
| 005 | 20250617153627.0 | ||
| 008 | 171121b1948 rus||||| |||| 00| 0 rus d | ||
| 040 | _aAM-YeHGA | ||
| 100 | 1 | _aЭлляй (Кулачиков, Серофим Романович) | |
| 245 | 1 | 0 |
_aВесенние напевы/ _cЭлляй: |
| 260 |
_aЯкутск: _bЯкгиз, _c1948: |
||
| 300 |
_a84 с. _bпортр. |
||
| 440 | 1 | _aБиблиотечка якутской Советской литературы | |
| 650 | 1 | 4 | _aРусская литература |
| 942 |
_2udc _cBK |
||
| 090 | _c397119 | ||
| 999 |
_c395079 _d395079 |
||